00139nam a22000617a 4500082001800000100003000018245002900048 a891.4393bTAR aTarar, Mustansar Hassain. aSia aankh main tasweer /